ECONOMICS AND MANAGEMENT OF ORGANIZATIONS: CO-ORDINATION, MOTIVATION AND STRATEGY (Record no. 78200)
[ view plain ]
| 000 -LEADER | |
|---|---|
| fixed length control field | 00290nam a2200097Ia 4500 |
| 050 ## - LIBRARY OF CONGRESS CALL NUMBER | |
| Classification number | HD30.22.H46.C.4 |
| 100 ## - MAIN ENTRY--PERSONAL NAME | |
| Personal name | GEORGE HENDRIKSE |
| 245 #0 - TITLE STATEMENT | |
| Title | ECONOMICS AND MANAGEMENT OF ORGANIZATIONS: CO-ORDINATION, MOTIVATION AND STRATEGY |
| 942 ## - ADDED ENTRY ELEMENTS (KOHA) | |
| Koha item type | Long Loan Book |
| Withdrawn status | Lost status | Source of classification or shelving scheme | Damaged status | Not for loan | Collection | Home library | Current library | Shelving location | Inventory number | Total checkouts | Full call number | Barcode | Date last seen | Copy number | Koha item type | Date acquired | Price effective from |
|---|---|---|---|---|---|---|---|---|---|---|---|---|---|---|---|---|---|
| Library of Congress Classification | Business & Economics | Kisii University Library | Kisii University Library | On Display | 57625 | HD 30.22 H46 2003 | 000000019017 | 09/15/2023 | C.4 | Long Loan Book | |||||||
| Library of Congress Classification | Business & Economics | Kisii University Library | Kisii University Library | On Display | 57626 | HD 30.22 H46 2003 | 000000019016 | 06/04/2025 | C.5 | Long Loan Book | 06/04/2025 | 06/04/2025 | |||||
| Library of Congress Classification | Business & Economics | Kisii University Library | Kisii University Library | On Display | 57622 | HD 30.22 H46 2003 | 000000019015 | 06/04/2025 | C.1 | Long Loan Book | 06/04/2025 | 06/04/2025 | |||||
| Library of Congress Classification | Business & Economics | Kisii University Library | Kisii University Library | On Display | 57624 | HD 30.22 H46 2003 | 000000019014 | 06/04/2025 | C.3 | Long Loan Book | 06/04/2025 | 06/04/2025 | |||||
| Library of Congress Classification | Business & Economics | Kisii University Library | Kisii University Library | On Display | 57623 | HD 30.22 H46 2003 | 000000019013 | 06/04/2025 | C.2 | Long Loan Book | 06/04/2025 | 06/04/2025 |